00726nam a2200181 a 4500003000200000005001700002008004100019050002600060100002700086245011800113260009400231300005300325504004200378650002700420650002100447650003500468650004100503020250516131921.0021127s19uu xx 00 eng d aPGS HN 60b.F634 2001 aFlores, Raica Grace Y. aCommunity problems affecting the residents of Ina Executive Homes school year 2000-2001 /cRaica Grace Y. Flores. aLas Piñas City, Philippines : bSouthville International School and Colleges, c2001. a20 pages : bcolored illustrations ; c28 cm.  aIncludes bibliographical references.  aCommunity development. aSocial problems. aNeighborhoodsvSocial aspects. aUrban policyvCitizen participation.